Directorio ascético (Record no. 8382)

MARC details
000 -CABECERA
campo de control de longitud fija 01066nam a2200229 a 4500
001 - NÚMERO DE CONTROL
campo de control BRCA_8730
005 - FECHA Y HORA DE LA ÚLTIMA TRANSACCIÓN
campo de control 20190320210401.0
008 - DATOS DE LONGITUD FIJA--INFORMACIÓN GENERAL
campo de control de longitud fija 170217s1794----sp-#######---#000-0#spa-#
041 ## - CÓDIGO DE LENGUA
Código de lengua del texto/banda sonora o título independiente spa
044 ## - CÓDIGO DEL PAÍS DE LA ENTIDAD EDITORA/PRODUCTORA
Código MARC del país sp
084 ## - OTRO NÚMERO DE CLASIFICACIÓN
Número de clasificación BE84
Número de documento/Ítem .S23 1794
100 1# - ENTRADA PRINCIPAL--NOMBRE DE PERSONA
Nombre de persona Scaramell, Juan Bautista
Fechas asociadas al nombre 1687 - 1752
9 (RLIN) 21732
245 10 - MENCIÓN DE TÍTULO
Título Directorio ascético
Resto del título en que se enseña el modo de conducir las almas por el camino ordinario de la gracias a la perfección christiana: dirigido a los directores de las almas
Mención de responsabilidad, etc. obras del Padre Juan Bautista Scaramelli de la Compañía de Jesús: idioma castellano por un padre de la misma compañía y dado a luz por Don Pedro Bonet, Agente de negocios de los Reales Consejos.
260 ## - PUBLICACIÓN, DISTRIBUCIÓN, ETC.
Lugar de publicación, distribución, etc. Madrid
Nombre del editor, distribuidor, etc. En la Imprenta de Ramon Ruiz
Fecha de publicación, distribución, etc. 1794
300 ## - DESCRIPCIÓN FÍSICA
Extensión [1], 539 p. (t.2), 2a imp.
Dimensiones 21.5 x 15 cm.
500 ## - NOTA GENERAL
Nota general Estado físico: presenta lomo semi desprendido y presencia del pez de plata
650 14 - PUNTO DE ACCESO ADICIONAL DE MATERIA--TÉRMINO DE MATERIA
Término de materia o nombre geográfico como elemento de entrada Ascetismo
Subdivisión general Iglesia católica
9 (RLIN) 21733
650 14 - PUNTO DE ACCESO ADICIONAL DE MATERIA--TÉRMINO DE MATERIA
Término de materia o nombre geográfico como elemento de entrada Vida espiritual
9 (RLIN) 21734
700 1# - PUNTO DE ACCESO ADICIONAL--NOMBRE DE PERSONA
Nombre de persona Bonet, Pedro
Término indicativo de función/relación ed.
9 (RLIN) 21735
902 ## - CATALOGADOR
Iniciales CFM
942 ## - ELEMENTOS DE PUNTO DE ACCESO ADICIONAL (KOHA)
Fuente del sistema de clasificación o colocación Library of Congress Classification
Tipo de ítem Koha Libros
Holdings
Estado de retiro Estado de pérdida Estado dañado No para préstamo Localización permanente Ubicación/localización actual Fecha de adquisición Total de préstamos Signatura topográfica completa Código de barras Fecha visto por última vez Precio válido a partir de Tipo de ítem Koha
El ejemplar forma parte de la colección y puede ser consultado según las políticas vigentes.       Biblioteca del Museo Franz Mayer (Rogerio Casas-Alatriste) Biblioteca del Museo Franz Mayer (Rogerio Casas-Alatriste) 17/02/2017   BE84 .S23 1794 CFM00066 22/03/2019 22/03/2019 Libros